Nivedan (Record no. 3690)

MARC details
000 -LEADER
fixed length control field 00455cam a2200193ua 4500
001 - CONTROL NUMBER
control field 3869
005 - DATE AND TIME OF LATEST TRANSACTION
control field 20260515113737.0
008 - FIXED-LENGTH DATA ELEMENTS--GENERAL INFORMATION
fixed length control field 111207n ii |||gr||||Z||||||asm
040 ## - CATALOGING SOURCE
Transcribing agency MAIN
082 ## - DEWEY DECIMAL CLASSIFICATION NUMBER
Classification number 891.4511
100 1# - MAIN ENTRY--PERSONAL NAME
Personal name Sarma, Durgeswar,
Relator term Author.
245 11 - TITLE STATEMENT
Title Nivedan
Statement of responsibility, etc. by Durgeswar Sarma
250 ## - EDITION STATEMENT
Edition statement 1st.
260 ## - PUBLICATION, DISTRIBUTION, ETC.
Place of publication, distribution, etc. Jorhat:
Name of publisher, distributor, etc. Assam sahitya sabha,978.
300 ## - PHYSICAL DESCRIPTION
Extent 78p:
Dimensions 23cm.
653 ## - INDEX TERM--UNCONTROLLED
Uncontrolled term Assamese poem
653 ## - INDEX TERM--UNCONTROLLED
Uncontrolled term Nivedan
942 ## - ADDED ENTRY ELEMENTS (KOHA)
Koha item type Books
Holdings
Withdrawn status Lost status Damaged status Not for loan Home library Current library Shelving location Date acquired Total checkouts Full call number Barcode Date last seen Copy number Price effective from Koha item type Date last checked out
        Naharkatiya College Library Naharkatiya College Library General stacks 09/19/2020   891.4511 | SAR 7230 09/19/2020 3 09/19/2020 Books  
        Naharkatiya College Library Naharkatiya College Library General stacks 09/19/2020 1 891.4511 | SAR 7232 11/13/2021 2 09/19/2020 Books 11/08/2021
        Naharkatiya College Library Naharkatiya College Library General stacks 09/19/2020   891.4511 | SAR 7233 09/19/2020 1 09/19/2020 Books